[Event "European Youth Chess Championship B16"]
[Site "Prague, Top Hotel Prague"]
[Date "2012.08.23"]
[Round "7.3"]
[White "Menezes, Christoph"]
[Black "Grib, Roman"]
[Result "0-1"]
[WhiteElo "2279"]
[BlackElo "2309"]
[PlyCount "0"]
[EventDate "2012.08.17"]

1. d4 {[%clk 1:30:54]} Nf6 {[%clk 1:30:48]} 2. c4 {[%clk 1:31:19]} e6
{[%clk 1:31:09]} 3. Nf3 {[%clk 1:31:38]} b6 {[%clk 1:30:47]} 4. g3
{[%clk 1:31:56]} Bb7 {[%clk 1:30:29]} 5. Bg2 {[%clk 1:32:13]} Be7
{[%clk 1:29:12]} 6. O-O {[%clk 1:32:28]} O-O {[%clk 1:29:36]} 7. d5
{[%clk 1:32:47]} Na6 {[%clk 1:26:56]} 8. Nc3 {[%clk 1:31:29]} Bb4
{[%clk 1:27:01]} 9. Nd4 {[%clk 1:20:01]} Bxc3 {[%clk 1:11:26]} 10. bxc3
{[%clk 1:20:20]} Nc5 {[%clk 1:01:58]} 11. Ba3 {[%clk 1:10:51]} Rb8
{[%clk 0:54:08]} 12. e4 {[%clk 0:50:08]} e5 {[%clk 0:26:26]} 13. Nf5
{[%clk 0:32:36]} d6 {[%clk 0:20:19]} 14. f4 {[%clk 0:18:38]} Re8 {[%clk 0:18:06]}
15. fxe5 {[%clk 0:18:13]} Rxe5 {[%clk 0:18:08]} 16. Bc1 {[%clk 0:17:05]} Ncd7
{[%clk 0:10:02]} 17. Bf4 {[%clk 0:15:36]} Re8 {[%clk 0:10:19]} 18. Qd4
{[%clk 0:15:38]} h6 {[%clk 0:03:12]} 19. Bxh6 {[%clk 0:14:31]} gxh6
{[%clk 0:02:38]} 20. Nxh6+ {[%clk 0:14:55]} Kf8 {[%clk 0:02:30]} 21. Nf5
{[%clk 0:14:23]} Ne5 {[%clk 0:02:21]} 22. Qd2 {[%clk 0:13:51]} Ng8
{[%clk 0:02:35]} 23. Rf2 {[%clk 0:10:48]} Bc8 {[%clk 0:02:41]} 24. Nh6
{[%clk 0:11:08]} Kg7 {[%clk 0:02:52]} 25. Nf5+ {[%clk 0:07:45]} Bxf5
{[%clk 0:03:06]} 26. Rxf5 {[%clk 0:08:11]} Ne7 {[%clk 0:00:54]} 27. Rg5+
{[%clk 0:07:12]} N7g6 {[%clk 0:00:53]} 28. h4 {[%clk 0:07:26]} f6
{[%clk 0:00:44]} 29. Rf5 {[%clk 0:07:42]} Nxc4 {[%clk 0:00:41]} 30. Qe2
{[%clk 0:06:05]} Nce5 {[%clk 0:00:42]} 31. Raf1 {[%clk 0:05:39]} Rf8
{[%clk 0:00:54]} 32. Bh3 {[%clk 0:03:42]} b5 {[%clk 0:00:40]} 33. Qf2
{[%clk 0:02:13]} b4 {[%clk 0:00:43]} 34. h5 {[%clk 0:01:27]} Nh8 {[%clk 0:00:56]}
35. cxb4 {[%clk 0:01:24]} Rxb4 {[%clk 0:00:58]} 36. h6+ {[%clk 0:01:18]} Kh7
{[%clk 0:00:57]} 37. Qxa7 {[%clk 0:01:00]} Qb8 {[%clk 0:00:55]} 38. Qxb8
{[%clk 0:01:03]} Rbxb8 {[%clk 0:01:17]} 39. Rxf6 {[%clk 0:01:26]} Rxf6
{[%clk 0:01:43]} 40. Rxf6 {[%clk 0:31:52]} Rb1+ {[%clk 0:31:48]} 41. Kf2
{[%clk 0:31:46]} Nhg6 {[%clk 0:30:31]} 42. Bf5 {[%clk 0:30:51]} Kxh6
{[%clk 0:30:30]} 43. Bxg6 {[%clk 0:30:52]} Ng4+ {[%clk 0:30:47]} 0-1

[Event "European Youth Chess Championship B16"]
[Site "Prague, Top Hotel Prague"]
[Date "2012.08.23"]
[Round "7.4"]
[White "Harutyunian, Tigran K."]
[Black "Giroyan, Gary"]
[Result "1-0"]
[WhiteElo "2308"]
[BlackElo "2394"]
[PlyCount "0"]
[EventDate "2012.08.17"]

1. d4 {[%clk 1:30:57]} Nf6 {[%clk 1:30:56]} 2. c4 {[%clk 1:31:16]} g6
{[%clk 1:31:23]} 3. Nc3 {[%clk 1:31:36]} d5 {[%clk 1:31:49]} 4. Bf4
{[%clk 1:31:56]} Bg7 {[%clk 1:31:19]} 5. e3 {[%clk 1:32:20]} O-O {[%clk 1:31:17]}
6. Rc1 {[%clk 1:32:44]} Be6 {[%clk 1:15:14]} 7. Qb3 {[%clk 1:20:15]} b6
{[%clk 1:09:13]} 8. Nf3 {[%clk 1:19:27]} c6 {[%clk 0:58:23]} 9. h3
{[%clk 1:10:57]} h6 {[%clk 0:55:34]} 10. Be2 {[%clk 1:05:31]} a5 {[%clk 0:47:09]}
11. Ne5 {[%clk 0:49:07]} dxc4 {[%clk 0:36:18]} 12. Bxc4 {[%clk 0:49:27]} a4
{[%clk 0:35:30]} 13. Qc2 {[%clk 0:47:55]} Bxc4 {[%clk 0:32:31]} 14. Nxc4
{[%clk 0:47:50]} Nd5 {[%clk 0:28:14]} 15. Nxd5 {[%clk 0:46:56]} Qxd5
{[%clk 0:28:40]} 16. O-O {[%clk 0:45:09]} Nd7 {[%clk 0:28:47]} 17. e4
{[%clk 0:31:58]} Qxd4 {[%clk 0:16:13]} 18. Rfd1 {[%clk 0:30:23]} Qf6
{[%clk 0:16:38]} 19. Rxd7 {[%clk 0:30:04]} Qxf4 {[%clk 0:17:06]} 20. Nxb6
{[%clk 0:30:24]} Ra5 {[%clk 0:16:32]} 21. Qd2 {[%clk 0:27:43]} Qxd2
{[%clk 0:13:11]} 22. Rxd2 {[%clk 0:28:11]} c5 {[%clk 0:12:17]} 23. Nc4
{[%clk 0:21:13]} Rb5 {[%clk 0:09:40]} 24. e5 {[%clk 0:21:27]} f6 {[%clk 0:08:53]}
25. Rd7 {[%clk 0:18:08]} fxe5 {[%clk 0:07:41]} 26. Rxe7 {[%clk 0:17:52]} e4
{[%clk 0:04:51]} 27. Rc2 {[%clk 0:18:20]} Rfb8 {[%clk 0:04:51]} 28. a3
{[%clk 0:09:55]} Bxb2 {[%clk 0:03:57]} 29. Nxb2 {[%clk 0:10:21]} Rxb2
{[%clk 0:04:24]} 30. Rxc5 {[%clk 0:10:41]} Rf8 {[%clk 0:04:15]} 31. Rc6
{[%clk 0:07:38]} Re2 {[%clk 0:01:33]} 32. Rxg6+ {[%clk 0:07:43]} Kh8
{[%clk 0:02:03]} 33. Rxh6+ {[%clk 0:07:49]} Kg8 {[%clk 0:02:32]} 34. Rg6+
{[%clk 0:07:51]} Kh8 {[%clk 0:03:02]} 35. Re5 {[%clk 0:06:57]} 1-0

[Event "European Youth Chess Championship B16"]
[Site "Prague, Top Hotel Prague"]
[Date "2012.08.23"]
[Round "7.5"]
[White "Meng, Roger"]
[Black "Georgiadis, Nico"]
[Result "0-1"]
[WhiteElo "2291"]
[BlackElo "2345"]
[PlyCount "0"]
[EventDate "2012.08.17"]

1. Nf3 {[%clk 1:30:47]} c5 {[%clk 1:30:42]} 2. c4 {[%clk 1:30:19]} g6
{[%clk 1:30:39]} 3. e4 {[%clk 1:29:47]} Nc6 {[%clk 1:30:49]} 4. d4
{[%clk 1:29:45]} cxd4 {[%clk 1:31:14]} 5. Nxd4 {[%clk 1:30:12]} Nf6
{[%clk 1:31:11]} 6. Nc3 {[%clk 1:29:58]} d6 {[%clk 1:31:27]} 7. Be2
{[%clk 1:29:17]} Nxd4 {[%clk 1:31:42]} 8. Qxd4 {[%clk 1:29:42]} Bg7
{[%clk 1:32:08]} 9. Be3 {[%clk 1:28:14]} O-O {[%clk 1:32:25]} 10. Qd2
{[%clk 1:27:34]} Be6 {[%clk 1:32:24]} 11. Rc1 {[%clk 1:25:03]} Qa5
{[%clk 1:32:30]} 12. f3 {[%clk 1:24:24]} Rfc8 {[%clk 1:32:07]} 13. b3
{[%clk 1:24:49]} a6 {[%clk 1:32:08]} 14. Na4 {[%clk 1:24:24]} Qxd2+
{[%clk 1:32:32]} 15. Kxd2 {[%clk 1:24:53]} Nd7 {[%clk 1:32:31]} 16. g4
{[%clk 1:25:15]} f5 {[%clk 1:30:34]} 17. exf5 {[%clk 1:23:52]} gxf5
{[%clk 1:31:00]} 18. h3 {[%clk 1:23:09]} Rf8 {[%clk 1:24:37]} 19. Rhd1
{[%clk 1:15:30]} h5 {[%clk 1:03:23]} 20. gxh5 {[%clk 1:04:49]} f4
{[%clk 1:02:56]} 21. Bf2 {[%clk 1:04:32]} Rf5 {[%clk 0:44:02]} 22. h6
{[%clk 0:56:29]} Be5 {[%clk 0:43:54]} 23. Bd3 {[%clk 0:52:38]} Rh5
{[%clk 0:43:16]} 24. Be4 {[%clk 0:48:14]} Rb8 {[%clk 0:34:59]} 25. Ba7
{[%clk 0:33:47]} Ra8 {[%clk 0:35:24]} 26. Bf2 {[%clk 0:34:13]} Rb8
{[%clk 0:35:52]} 27. Ba7 {[%clk 0:34:39]} Rd8 {[%clk 0:24:24]} 28. Bxb7
{[%clk 0:21:09]} Nf6 {[%clk 0:24:26]} 29. Bf2 {[%clk 0:17:32]} a5
{[%clk 0:17:00]} 30. Ke2 {[%clk 0:15:57]} Rb8 {[%clk 0:16:02]} 31. Ba6
{[%clk 0:13:01]} Ra8 {[%clk 0:11:36]} 32. Bb7 {[%clk 0:12:58]} Rb8
{[%clk 0:12:04]} 33. Ba6 {[%clk 0:07:39]} Ra8 {[%clk 0:12:33]} 34. Bb5
{[%clk 0:07:18]} Rb8 {[%clk 0:12:59]} 35. Bb6 {[%clk 0:04:48]} Rxh6
{[%clk 0:12:02]} 36. Bc7 {[%clk 0:04:22]} Rc8 {[%clk 0:09:31]} 37. Bxa5
{[%clk 0:04:20]} Nh5 {[%clk 0:09:36]} 38. Bc3 {[%clk 0:03:52]} Ng3+
{[%clk 0:08:18]} 39. Kf2 {[%clk 0:01:28]} Rxh3 {[%clk 0:08:20]} 40. Rg1
{[%clk 0:31:06]} Kf7 {[%clk 0:35:48]} 41. Rce1 {[%clk 0:27:08]} Rch8
{[%clk 0:25:36]} 42. Bxe5 {[%clk 0:23:15]} dxe5 {[%clk 0:25:43]} 43. Rg2
{[%clk 0:19:02]} Rd8 {[%clk 0:19:43]} 44. Reg1 {[%clk 0:14:55]} e4
{[%clk 0:18:32]} 45. Nc3 {[%clk 0:11:00]} exf3 {[%clk 0:15:01]} 46. Rxg3
{[%clk 0:09:09]} fxg3+ {[%clk 0:15:23]} 47. Rxg3 {[%clk 0:08:36]} Rd2+
{[%clk 0:14:06]} 48. Ke3 {[%clk 0:07:15]} Rxg3 {[%clk 0:12:29]} 49. Kxd2
{[%clk 0:07:39]} f2 {[%clk 0:12:16]} 50. c5 {[%clk 0:07:52]} Rg1 {[%clk 0:10:48]}
51. Ne4 {[%clk 0:06:46]} f1=Q {[%clk 0:10:50]} 52. Bxf1 {[%clk 0:07:08]} Rxf1
{[%clk 0:11:18]} 53. c6 {[%clk 0:07:20]} Rf5 {[%clk 0:08:50]} 54. b4
{[%clk 0:06:03]} Ke8 {[%clk 0:08:42]} 55. a4 {[%clk 0:06:30]} Bd5
{[%clk 0:08:09]} 56. c7 {[%clk 0:06:46]} Kd7 {[%clk 0:08:28]} 0-1

[Event "European Youth Chess Championship B16"]
[Site "Prague, Top Hotel Prague"]
[Date "2012.08.23"]
[Round "7.6"]
[White "Sanzhaev, Darsen"]
[Black "Mirzoev, Emil"]
[Result "1-0"]
[WhiteElo "2335"]
[BlackElo "2241"]
[PlyCount "0"]
[EventDate "2012.08.17"]

1. d4 {[%clk 1:30:58]} Nf6 {[%clk 1:30:38]} 2. c4 {[%clk 1:31:24]} e6
{[%clk 1:30:59]} 3. Nf3 {[%clk 1:31:52]} c5 {[%clk 1:30:44]} 4. d5
{[%clk 1:32:17]} exd5 {[%clk 1:31:05]} 5. cxd5 {[%clk 1:32:45]} g6
{[%clk 1:31:27]} 6. Nc3 {[%clk 1:33:11]} Bg7 {[%clk 1:31:52]} 7. Bf4
{[%clk 1:33:34]} b5 {[%clk 1:26:17]} 8. Nxb5 {[%clk 1:26:33]} Qa5+
{[%clk 1:26:00]} 9. Nc3 {[%clk 1:27:01]} O-O {[%clk 1:11:53]} 10. Qd2
{[%clk 1:18:49]} Na6 {[%clk 1:02:29]} 11. e4 {[%clk 1:16:36]} Re8
{[%clk 0:46:03]} 12. Be2 {[%clk 1:16:20]} Qb6 {[%clk 0:46:19]} 13. e5
{[%clk 1:10:13]} Nh5 {[%clk 0:43:36]} 14. Be3 {[%clk 1:09:21]} d6
{[%clk 0:42:26]} 15. Bb5 {[%clk 0:55:45]} Rf8 {[%clk 0:38:09]} 16. Bc6
{[%clk 0:48:33]} Rb8 {[%clk 0:38:21]} 17. Na4 {[%clk 0:48:38]} Qc7
{[%clk 0:38:03]} 18. exd6 {[%clk 0:45:29]} Qxd6 {[%clk 0:38:05]} 19. O-O
{[%clk 0:45:01]} f5 {[%clk 0:28:14]} 20. Qe2 {[%clk 0:41:10]} f4 {[%clk 0:25:57]}
21. Bd2 {[%clk 0:40:29]} Nb4 {[%clk 0:24:10]} 22. Bxb4 {[%clk 0:40:28]} Rxb4
{[%clk 0:24:22]} 23. Rac1 {[%clk 0:39:46]} g5 {[%clk 0:22:28]} 24. a3
{[%clk 0:38:27]} Rb8 {[%clk 0:21:31]} 25. Nxg5 {[%clk 0:37:54]} Qg6
{[%clk 0:20:33]} 26. Nf3 {[%clk 0:35:49]} Bh3 {[%clk 0:18:57]} 27. Nh4
{[%clk 0:32:00]} Qg5 {[%clk 0:19:26]} 28. d6 {[%clk 0:28:10]} f3 {[%clk 0:19:43]}
29. Bxf3 {[%clk 0:15:38]} Nf4 {[%clk 0:19:24]} 30. Qd1 {[%clk 0:11:34]} Qxh4
{[%clk 0:13:06]} 31. Rxc5 {[%clk 0:11:49]} Bd7 {[%clk 0:12:33]} 32. b3
{[%clk 0:06:02]} Bb5 {[%clk 0:10:51]} 33. g3 {[%clk 0:04:09]} Nh3+
{[%clk 0:09:37]} 34. Kg2 {[%clk 0:04:39]} Bxf1+ {[%clk 0:09:31]} 35. Qxf1
{[%clk 0:05:07]} Qd4 {[%clk 0:08:40]} 36. Bd5+ {[%clk 0:05:17]} Kh8
{[%clk 0:09:09]} 37. Kxh3 {[%clk 0:05:27]} Rxf2 {[%clk 0:09:00]} 38. Qc4
{[%clk 0:05:33]} Qe5 {[%clk 0:08:54]} 39. Rc8+ {[%clk 0:05:29]} Rf8
{[%clk 0:09:20]} 40. Rxb8 {[%clk 0:32:34]} Rxb8 {[%clk 0:39:49]} 41. d7
{[%clk 0:31:04]} Qf5+ {[%clk 0:39:58]} 42. Kg2 {[%clk 0:28:35]} Qxd7
{[%clk 0:40:28]} 43. Nc5 {[%clk 0:28:46]} Qb5 {[%clk 0:40:08]} 44. Ne6
{[%clk 0:27:21]} Qxc4 {[%clk 0:37:33]} 45. Bxc4 {[%clk 0:27:36]} Bb2
{[%clk 0:37:59]} 46. a4 {[%clk 0:28:04]} h6 {[%clk 0:38:01]} 47. Kf3
{[%clk 0:26:52]} Kh7 {[%clk 0:38:28]} 48. g4 {[%clk 0:21:58]} Kg6
{[%clk 0:38:20]} 49. Ke4 {[%clk 0:21:31]} Kf6 {[%clk 0:36:39]} 50. h4 Rg8
{[%clk 0:36:05]} 51. Kf3 {[%clk 0:20:26]} Re8 {[%clk 0:35:59]} 52. Nc5
{[%clk 0:20:33]} Re1 {[%clk 0:36:05]} 53. Nd3 {[%clk 0:20:12]} Rb1
{[%clk 0:36:31]} 54. a5 {[%clk 0:17:52]} Bc3 {[%clk 0:36:25]} 55. a6
{[%clk 0:18:19]} Bd4 {[%clk 0:36:06]} 56. Ke4 {[%clk 0:16:20]} Bb6
{[%clk 0:35:54]} 57. Nf4 {[%clk 0:15:04]} Bf2 {[%clk 0:36:13]} 58. g5+
{[%clk 0:14:46]} hxg5 {[%clk 0:36:11]} 59. hxg5+ {[%clk 0:15:15]} Kg7
{[%clk 0:36:22]} 60. Kf5 {[%clk 0:15:32]} Be1 {[%clk 0:35:14]} 61. Nh5+
{[%clk 0:12:32]} Kh8 {[%clk 0:35:18]} 62. g6 {[%clk 0:09:52]} Bc3
{[%clk 0:35:42]} 63. Nf6 {[%clk 0:08:36]} Bxf6 {[%clk 0:35:09]} 64. Kxf6
{[%clk 0:09:05]} Rg1 {[%clk 0:35:36]} 65. Bd3 {[%clk 0:08:41]} Kg8
{[%clk 0:34:10]} 66. b4 {[%clk 0:08:45]} Kf8 {[%clk 0:34:19]} 67. b5
{[%clk 0:08:39]} Rg3 {[%clk 0:34:39]} 68. Bf5 {[%clk 0:08:34]} Ke8
{[%clk 0:34:30]} 69. g7 {[%clk 0:08:05]} Kd8 {[%clk 0:34:20]} 70. Kf7
{[%clk 0:08:23]} Kc7 {[%clk 0:34:15]} 71. g8=Q {[%clk 0:08:45]} Rxg8
{[%clk 0:34:44]} 72. Kxg8 {[%clk 0:09:07]} Kb8 {[%clk 0:35:12]} 73. Kf7
{[%clk 0:09:28]} Ka8 {[%clk 0:35:39]} 74. Ke6 {[%clk 0:09:45]} Kb8
{[%clk 0:36:07]} 75. Kd6 {[%clk 0:10:09]} Ka8 {[%clk 0:36:33]} 76. Kc6
{[%clk 0:10:03]} Kb8 {[%clk 0:37:02]} 77. b6 {[%clk 0:10:11]} Ka8
{[%clk 0:37:29]} 78. bxa7 {[%clk 0:10:19]} 1-0

[Event "European Youth Chess Championship B16"]
[Site "Prague, Top Hotel Prague"]
[Date "2012.08.23"]
[Round "7.7"]
[White "Tsydypov, Zhamsaran"]
[Black "Nuri, Murad"]
[Result "1-0"]
[WhiteElo "2328"]
[BlackElo "2097"]
[PlyCount "0"]
[EventDate "2012.08.17"]

1. e4 {[%clk 1:29:10]} c5 {[%clk 1:30:52]} 2. Nf3 {[%clk 1:29:36]} e6
{[%clk 1:30:53]} 3. Nc3 {[%clk 1:29:48]} Nf6 {[%clk 1:30:00]} 4. e5
{[%clk 1:29:38]} Nd5 {[%clk 1:30:29]} 5. Bc4 {[%clk 1:29:51]} Nxc3
{[%clk 1:30:41]} 6. dxc3 {[%clk 1:30:16]} Nc6 {[%clk 1:30:59]} 7. Bf4
{[%clk 1:30:39]} Qc7 {[%clk 1:31:03]} 8. Qd2 {[%clk 1:30:58]} b6 {[%clk 1:31:11]}
9. h4 {[%clk 1:30:41]} Bb7 {[%clk 1:31:21]} 10. h5 {[%clk 1:30:43]} h6
{[%clk 1:31:50]} 11. O-O-O {[%clk 1:30:06]} O-O-O {[%clk 1:31:36]} 12. Kb1
{[%clk 1:30:20]} Ne7 {[%clk 1:27:53]} 13. Qe2 {[%clk 1:30:35]} Rg8
{[%clk 1:12:18]} 14. Ba6 {[%clk 1:27:58]} Bxa6 {[%clk 1:03:55]} 15. Qxa6+
{[%clk 1:28:22]} Qb7 {[%clk 1:04:21]} 16. Qd3 {[%clk 1:27:27]} Nd5
{[%clk 0:50:52]} 17. Bg3 {[%clk 1:27:38]} Be7 {[%clk 0:51:21]} 18. Nd2
{[%clk 1:27:57]} f5 {[%clk 0:44:57]} 19. exf6 {[%clk 1:22:44]} Nxf6
{[%clk 0:40:37]} 20. f3 {[%clk 1:21:37]} d5 {[%clk 0:38:44]} 21. Rde1
{[%clk 1:21:21]} Bd6 {[%clk 0:39:08]} 22. Bxd6 {[%clk 1:21:18]} Rxd6
{[%clk 0:39:37]} 23. Nc4 {[%clk 1:21:41]} Rdd8 {[%clk 0:39:38]} 24. Ne5
{[%clk 1:22:05]} d4 {[%clk 0:29:32]} 25. c4 {[%clk 1:22:28]} Qc7 {[%clk 0:29:56]}
26. Qg6 {[%clk 1:22:34]} Rde8 {[%clk 0:18:56]} 27. Re2 {[%clk 1:22:24]} Re7
{[%clk 0:10:04]} 28. Rhe1 {[%clk 1:22:48]} Rd8 {[%clk 0:10:26]} 29. f4
{[%clk 1:18:44]} Rf8 {[%clk 0:08:23]} 30. Nd3 {[%clk 1:17:55]} Qc6
{[%clk 0:03:55]} 31. g4 {[%clk 1:17:21]} Qf3 {[%clk 0:03:16]} 32. g5
{[%clk 1:11:44]} Qxh5 {[%clk 0:03:09]} 33. Ne5 {[%clk 1:12:05]} hxg5
{[%clk 0:01:14]} 34. fxg5 {[%clk 1:12:28]} Qh3 {[%clk 0:00:33]} 35. gxf6
{[%clk 1:12:52]} gxf6 {[%clk 0:00:43]} 36. Qe4 {[%clk 1:12:57]} 1-0

[Event "European Youth Chess Championship B16"]
[Site "Prague, Top Hotel Prague"]
[Date "2012.08.23"]
[Round "7.8"]
[White "Kessler, Luca"]
[Black "Santos Latasa, Jaime"]
[Result "0-1"]
[WhiteElo "2242"]
[BlackElo "2403"]
[PlyCount "0"]
[EventDate "2012.08.17"]

1. d4 {[%clk 1:30:51]} Nf6 {[%clk 1:30:51]} 2. c4 {[%clk 1:31:12]} e6
{[%clk 1:31:17]} 3. Nf3 {[%clk 1:31:33]} c5 {[%clk 1:31:43]} 4. d5
{[%clk 1:31:51]} b5 {[%clk 1:32:08]} 5. Bg5 {[%clk 1:31:52]} exd5
{[%clk 1:32:31]} 6. cxd5 {[%clk 1:31:41]} h6 {[%clk 1:32:57]} 7. Bxf6
{[%clk 1:30:58]} Qxf6 {[%clk 1:33:21]} 8. Qc2 {[%clk 1:24:43]} Be7
{[%clk 1:33:22]} 9. e4 {[%clk 1:24:04]} Qb6 {[%clk 1:33:36]} 10. a4
{[%clk 1:21:19]} bxa4 {[%clk 1:34:00]} 11. Nc3 {[%clk 1:15:18]} Na6
{[%clk 1:32:58]} 12. Bc4 {[%clk 1:13:17]} Nb4 {[%clk 1:31:33]} 13. Qe2
{[%clk 1:10:30]} O-O {[%clk 1:31:40]} 14. O-O {[%clk 1:10:07]} d6
{[%clk 1:31:59]} 15. Nd2 {[%clk 1:01:15]} Bf6 {[%clk 1:27:17]} 16. Nxa4
{[%clk 0:44:08]} Qc7 {[%clk 1:25:27]} 17. Nc3 {[%clk 0:44:04]} Bd7
{[%clk 1:24:53]} 18. f4 {[%clk 0:37:32]} Rfe8 {[%clk 1:22:44]} 19. h3
{[%clk 0:28:50]} Bd4+ {[%clk 1:22:53]} 20. Kh1 {[%clk 0:28:58]} Nc2
{[%clk 1:22:24]} 21. Rab1 {[%clk 0:26:21]} Ne3 {[%clk 1:20:44]} 22. Rfe1
{[%clk 0:26:01]} Rab8 {[%clk 1:20:33]} 23. Qd3 {[%clk 0:24:53]} Nxc4
{[%clk 1:17:16]} 24. Nxc4 {[%clk 0:25:11]} Rb3 {[%clk 1:16:53]} 25. e5
{[%clk 0:22:04]} dxe5 {[%clk 1:15:42]} 26. fxe5 {[%clk 0:21:06]} Qb8
{[%clk 1:15:59]} 27. Qe4 {[%clk 0:13:28]} Qb4 {[%clk 1:13:47]} 28. e6
{[%clk 0:09:59]} fxe6 {[%clk 1:12:57]} 29. dxe6 {[%clk 0:10:23]} Rxe6
{[%clk 1:11:53]} 30. Qd5 {[%clk 0:04:39]} Qb7 {[%clk 1:12:17]} 31. Qxb7
{[%clk 0:04:51]} Rxb7 {[%clk 1:12:42]} 32. Rxe6 {[%clk 0:05:12]} Bxe6
{[%clk 1:13:07]} 33. Na5 {[%clk 0:05:35]} Rb6 {[%clk 1:13:14]} 0-1

[Event "European Youth Chess Championship B16"]
[Site "Prague, Top Hotel Prague"]
[Date "2012.08.23"]
[Round "7.9"]
[White "Laurusas, Tomas"]
[Black "Yanchenko, Roman"]
[Result "1-0"]
[WhiteElo "2402"]
[BlackElo "2230"]
[PlyCount "0"]
[EventDate "2012.08.17"]

1. d4 {[%clk 1:30:57]} d5 {[%clk 1:30:56]} 2. c4 {[%clk 1:31:23]} e5
{[%clk 1:31:13]} 3. dxe5 {[%clk 1:31:44]} d4 {[%clk 1:31:42]} 4. Nf3
{[%clk 1:32:06]} Nc6 {[%clk 1:32:11]} 5. a3 {[%clk 1:31:24]} Nge7
{[%clk 1:30:28]} 6. b4 {[%clk 1:28:07]} Ng6 {[%clk 1:30:41]} 7. Bb2
{[%clk 1:25:25]} Ncxe5 {[%clk 1:30:44]} 8. Nxe5 {[%clk 1:18:53]} Nxe5
{[%clk 1:31:13]} 9. e3 {[%clk 1:18:43]} Be6 {[%clk 1:30:21]} 10. c5
{[%clk 1:12:33]} Nc6 {[%clk 1:24:32]} 11. e4 {[%clk 1:07:58]} g5 {[%clk 1:11:02]}
12. Bb5 {[%clk 1:07:38]} Bg7 {[%clk 1:11:18]} 13. O-O {[%clk 1:04:19]} O-O
{[%clk 1:07:33]} 14. Nd2 {[%clk 1:04:19]} Ne5 {[%clk 1:04:53]} 15. Rc1
{[%clk 0:51:19]} g4 {[%clk 0:55:52]} 16. f4 {[%clk 0:42:32]} gxf3
{[%clk 0:55:54]} 17. Nxf3 {[%clk 0:42:44]} Bg4 {[%clk 0:53:06]} 18. Kh1
{[%clk 0:41:45]} c6 {[%clk 0:46:55]} 19. Bc4 {[%clk 0:36:55]} Qe7
{[%clk 0:32:25]} 20. Qxd4 {[%clk 0:36:16]} Rad8 {[%clk 0:30:14]} 21. Qc3
{[%clk 0:36:07]} Rde8 {[%clk 0:27:02]} 22. Rc2 {[%clk 0:22:00]} Kh8
{[%clk 0:24:14]} 23. Rcf2 {[%clk 0:18:15]} Bxf3 {[%clk 0:12:57]} 24. Rxf3
{[%clk 0:14:54]} f6 {[%clk 0:09:04]} 25. Rf4 {[%clk 0:10:48]} Ng6
{[%clk 0:07:10]} 26. Rg4 {[%clk 0:02:51]} Ne5 {[%clk 0:07:39]} 27. Rh4
{[%clk 0:03:20]} Ng6 {[%clk 0:07:51]} 28. Rh5 {[%clk 0:02:30]} Qxe4
{[%clk 0:04:52]} 29. Bd3 {[%clk 0:02:59]} Qg4 {[%clk 0:05:21]} 30. Rh3
{[%clk 0:03:07]} Nh4 {[%clk 0:03:28]} 31. Rg3 {[%clk 0:03:35]} Qh5
{[%clk 0:03:08]} 32. Rxg7 {[%clk 0:03:01]} Kxg7 {[%clk 0:01:33]} 33. Rxf6 Re5 34.
Qxe5 {[%clk 0:02:23]} Qxe5 {[%clk 0:00:34]} 35. Bxe5 {[%clk 0:02:46]} 1-0

[Event "European Youth Chess Championship B16"]
[Site "Prague, Top Hotel Prague"]
[Date "2012.08.23"]
[Round "7.10"]
[White "Bortnik, Alexandr"]
[Black "Stathopoulos, Ioannis"]
[Result "1-0"]
[WhiteElo "2365"]
[BlackElo "2216"]
[PlyCount "0"]
[EventDate "2012.08.17"]

1. e4 {[%clk 1:30:58]} c5 {[%clk 1:30:53]} 2. Nf3 {[%clk 1:31:15]} d6
{[%clk 1:31:17]} 3. d4 {[%clk 1:31:40]} cxd4 {[%clk 1:31:42]} 4. Nxd4
{[%clk 1:32:07]} Nf6 {[%clk 1:32:04]} 5. Nc3 {[%clk 1:32:32]} a6 {[%clk 1:31:26]}
6. a4 {[%clk 1:31:48]} g6 {[%clk 1:31:41]} 7. Be2 {[%clk 1:32:01]} Bg7
{[%clk 1:32:04]} 8. O-O {[%clk 1:31:54]} O-O {[%clk 1:32:27]} 9. Be3
{[%clk 1:31:46]} Nc6 {[%clk 1:32:49]} 10. f4 {[%clk 1:31:55]} Qb6
{[%clk 1:24:24]} 11. a5 {[%clk 1:31:23]} Qc7 {[%clk 1:23:21]} 12. Nb3
{[%clk 1:26:14]} Be6 {[%clk 1:01:09]} 13. Nd5 {[%clk 1:21:16]} Qd8
{[%clk 0:54:04]} 14. Bf3 {[%clk 1:16:29]} Nd7 {[%clk 0:50:04]} 15. c3
{[%clk 1:10:56]} f5 {[%clk 0:47:56]} 16. exf5 {[%clk 1:09:39]} Bxf5
{[%clk 0:47:33]} 17. Nd4 {[%clk 1:09:12]} Nxd4 {[%clk 0:40:11]} 18. Bxd4
{[%clk 1:09:14]} e5 {[%clk 0:40:14]} 19. Be3 {[%clk 0:57:25]} Re8
{[%clk 0:34:58]} 20. fxe5 {[%clk 0:50:14]} Nxe5 {[%clk 0:32:43]} 21. Bb6
{[%clk 0:49:13]} Nxf3+ {[%clk 0:17:38]} 22. Qxf3 {[%clk 0:49:17]} Qd7
{[%clk 0:15:07]} 23. Nc7 {[%clk 0:47:16]} Be4 {[%clk 0:15:31]} 24. Qe2
{[%clk 0:47:21]} Qc6 {[%clk 0:13:53]} 25. Nxe8 {[%clk 0:46:59]} Rxe8
{[%clk 0:13:35]} 26. Rae1 {[%clk 0:47:13]} d5 {[%clk 0:10:53]} 27. Bd4
{[%clk 0:46:37]} Bxd4+ {[%clk 0:08:55]} 28. cxd4 {[%clk 0:47:05]} Qe6
{[%clk 0:08:57]} 29. Qf2 {[%clk 0:47:18]} Rc8 {[%clk 0:08:05]} 30. Rc1
{[%clk 0:47:19]} Rb8 {[%clk 0:07:37]} 31. Rc7 {[%clk 0:46:26]} Bf5
{[%clk 0:08:00]} 32. g4 {[%clk 0:45:39]} Bxg4 {[%clk 0:08:04]} 33. Qf7+
{[%clk 0:46:04]} Qxf7 {[%clk 0:07:50]} 34. Rfxf7 {[%clk 0:46:30]} 1-0

[Event "European Youth Chess Championship B16"]
[Site "Prague, Top Hotel Prague"]
[Date "2012.08.23"]
[Round "7.11"]
[White "Beradze, Irakli"]
[Black "Samdanov, Samdan"]
[Result "1/2-1/2"]
[WhiteElo "2331"]
[BlackElo "2207"]
[PlyCount "85"]
[EventDate "2012.08.17"]

1. e4 e5 2. Nf3 Nc6 3. Nc3 Bb4 4. d4 exd4 5. Nxd4 Nf6 6. Nxc6 bxc6 7. Bd3 O-O
8. O-O d5 9. exd5 cxd5 10. Bg5 c6 11. Ne2 Bg4 12. c3 Be7 13. Qa4 Bd7 14. Nd4
Qc8 15. Qc2 h6 16. Bh4 Bd8 17. c4 c5 18. Nf3 d4 19. Ne5 Be6 20. Qe2 Re8 21.
Rfe1 Nd7 22. Bxd8 Qxd8 23. Qe4 Nf6 24. Qh4 Ng4 25. Qg3 Nxe5 26. Qxe5 Qb6 27.
Qe4 g6 28. b3 Qb4 29. Kf1 Bf5 30. Qxe8+ Rxe8 31. Rxe8+ Kg7 32. Bxf5 Qc3 33. Rd1
gxf5 34. Re2 a5 35. Red2 a4 36. Rd3 Qc2 37. R1d2 Qc1+ 38. Ke2 Kf6 39. Kf3 Qe1
40. Re2 Qb1 41. Red2 Qe1 42. Re2 Qb1 43. Red2 1/2-1/2

[Event "European Youth Chess Championship B16"]
[Site "Prague, Top Hotel Prague"]
[Date "2012.08.23"]
[Round "7.12"]
[White "Radovanovic, Nikola"]
[Black "Dastan, Muhammed Batuhan"]
[Result "0-1"]
[WhiteElo "2184"]
[BlackElo "2317"]
[PlyCount "72"]
[EventDate "2012.08.17"]

1. e4 c5 2. Nf3 d6 3. d4 cxd4 4. Nxd4 Nf6 5. Nc3 a6 6. Bg5 Nbd7 7. f4 Qc7 8.
Qf3 h6 9. Bxf6 Nxf6 10. f5 Qc5 11. O-O-O g5 12. Nb3 Qc7 13. Bd3 Bd7 14. Rhe1
Bg7 15. Nd5 Nxd5 16. exd5 Bf6 17. Re4 Kf8 18. Kb1 b5 19. c4 bxc4 20. Rxc4 Qb6
21. Rdc1 Kg7 22. h4 a5 23. R1c2 a4 24. Nc1 Rab8 25. Qf2 Qxf2 26. Rxf2 Rb7 27.
h5 Rhb8 28. Rcc2 Rb4 29. a3 Rd4 30. Bc4 Rd1 31. g4 Rd4 32. Rg2 Rxg4 33. Rgf2
Bd4 34. Rf3 Rg1 35. Bd3 Rb3 36. Rh3 g4 0-1